Intelligent data engineering and automated learning--IDEAL 2004 : 5th international conference, Exeter, UK, August 25-27, 2004 : proceedings /
This book constitutes the refereed proceedings of the 5th International Conference on Intelligent Data Engineering and Automated Learning, IDEAL 2004, held in Exeter, UK, in August 2004. The 124 revised full papers presented were carefully reviewed and selected from 272 submissions. The papers are o...
| Corporate Authors: | , |
|---|---|
| Other Authors: | , , |
| Format: | Conference Proceeding eBook |
| Language: | English |
| Published: |
Berlin ; New York :
Springer,
2004.
|
| Series: | Lecture notes in computer science ;
3177. |
| Subjects: | |
| Online Access: | Connect to the full text of this electronic book Connect to the full text of this electronic book |
MARC
| Tag | First Indicator | Second Indicator | Subfields |
|---|---|---|---|
| LEADER | 00000cam a2200000Ia 4500 | ||
| 001 | in00002118901 | ||
| 005 | 20190326103945.0 | ||
| 006 | m o d | ||
| 007 | cr cnu---unuuu | ||
| 008 | 050812s2004 gw a ob 101 0 eng d | ||
| 019 | |a 326552855 |a 648155152 | ||
| 020 | |a 3540286519 |q (electronic bk.) | ||
| 020 | |a 9783540286516 |q (electronic bk.) | ||
| 020 | |a 3540228810 |q (pbk.) | ||
| 020 | |a 9783540228813 |q (pbk.) | ||
| 035 | |a (OCoLC)ocm61256796 | ||
| 035 | |a (OCoLC)61256796 |z (OCoLC)326552855 |z (OCoLC)648155152 | ||
| 040 | |a N$T |b eng |e pn |c N$T |d OCLCQ |d YDXCP |d OCLCQ |d CUSER |d YNG |d OCLCQ |d OCLCA |d OCLCQ |d OCLCO |d OCLCQ |d OCLCF |d I9W |d OCLCO |d OCLCQ |d UtOrBLW | ||
| 049 | |a TXAM | ||
| 050 | 4 | |a QA76.9.D3 |b I138 2004eb | |
| 072 | 7 | |a COM |x 084010 |2 bisacsh | |
| 072 | 7 | |a COM |x 021000 |2 bisacsh | |
| 072 | 7 | |a COM |x 030000 |2 bisacsh | |
| 082 | 0 | 4 | |a 005.74 |2 22 |
| 111 | 2 | |a IDEAL (Conference) |n (5th : |d 2004 : |c Exeter, England) | |
| 245 | 1 | 0 | |a Intelligent data engineering and automated learning--IDEAL 2004 : |b 5th international conference, Exeter, UK, August 25-27, 2004 : proceedings / |c Zhen Rong Yang, Richard Everson, Hujun Yin (eds.). |
| 246 | 3 | 0 | |a IDEAL 2004 |
| 264 | 1 | |a Berlin ; |a New York : |b Springer, |c 2004. | |
| 300 | |a 1 online resource (xviii, 852 pages) : |b illustrations. | ||
| 336 | |a text |b txt |2 rdacontent | ||
| 337 | |a computer |b c |2 rdamedia | ||
| 338 | |a online resource |b cr |2 rdacarrier | ||
| 490 | 1 | |a Lecture notes in computer science, |x 0302-9743 ; |v 3177 | |
| 504 | |a Includes bibliographical references and index. | ||
| 588 | 0 | |a Print version record. | |
| 520 | |a This book constitutes the refereed proceedings of the 5th International Conference on Intelligent Data Engineering and Automated Learning, IDEAL 2004, held in Exeter, UK, in August 2004. The 124 revised full papers presented were carefully reviewed and selected from 272 submissions. The papers are organized in topical sections on bioinformatics, data mining and knowledge engineering, learning algorithms and systems, financial engineering, and agent technologies. | ||
| 500 | |a Electronic resource. | ||
| 650 | 0 | |a Database management |v Congresses. | |
| 650 | 0 | |a Data mining |v Congresses. | |
| 650 | 7 | |a COMPUTERS |x Desktop Applications |x Databases. |2 bisacsh | |
| 650 | 7 | |a COMPUTERS |x Database Management |x General. |2 bisacsh | |
| 650 | 7 | |a COMPUTERS |x System Administration |x Storage & Retrieval. |2 bisacsh | |
| 650 | 7 | |a Data mining. |2 fast |0 (OCoLC)fst00887946 | |
| 650 | 7 | |a Database management. |2 fast |0 (OCoLC)fst00888037 | |
| 655 | 7 | |a Electronic books. |2 local | |
| 655 | 7 | |a Conference proceedings. |2 fast |0 (OCoLC)fst01423772 | |
| 700 | 1 | |a Yang, Zheng Rong. | |
| 700 | 1 | |a Everson, Richard, |d 1961- | |
| 700 | 1 | |a Yin, Hujun, |d 1962- | |
| 710 | 2 | |a SpringerLink (Online service) | |
| 776 | 1 | 8 | |i Print version: |a IDEAL 2004 (2004 : Exeter, England). |t Intelligent data engineering and automated learning--IDEAL 2004. |d Berlin ; New York : Springer, 2004 |z 3540228810 |w (DLC) 2004095626 |w (OCoLC)56386227 |
| 830 | 0 | |a Lecture notes in computer science ; |v 3177. |x 0302-9743 | |
| 856 | 4 | 0 | |u http://proxy.library.tamu.edu/login?url=http://link.springer.com/10.1007/b99975 |z Connect to the full text of this electronic book |t 0 |
| 856 | 4 | 0 | |u http://proxy.library.tamu.edu/login?url=http://www.netLibrary.com/urlapi.asp?action=summary&v=1&bookid=136283 |z Connect to the full text of this electronic book |t 0 |
| 994 | |a 92 |b TXA | ||
| 999 | |a MARS | ||
| 999 | f | f | |s f71fb72d-32ed-3771-9eac-c220476c5828 |i 37a545f1-2c14-3c01-b9a9-7fbae1de3f47 |t 0 |
| 952 | f | f | |a Texas A&M University |b College Station |c Electronic Resources |d Available Online |t 0 |e QA76.9.D3 I138 2004eb |h Library of Congress classification |
| 998 | f | f | |a QA76.9.D3 I138 2004eb |t 0 |l Available Online |